000 01743nam a22004577a 4500
001 2145254
003 OSt
005 20210426095610.0
008 981119s1999 nyu 000 0aeng
010 _a 98054109
020 _a0375406204
040 _aDLC
_cDLC
_dDLC
_beng
041 _aeng
043 _an-us-ny
_an-us-sc
050 0 0 _aF128.68.H3
_bB39 1999
080 _a92
_bB-32
082 0 0 _a974.7/104/092
_aB
_221
100 1 _aBaxter, Freddie Mae.
245 1 4 _aThe seventh child :
_ba lucky life /
_c/ by: A. A. Knopf
250 _a1st edition
260 _aNew York
_bA. A. Knopf
_c1999.
300 _ax, 223 p.
_c22 cm.
365 _b21 usd
600 1 0 _aBaxter, Freddie Mae.
650 0 _aAfrican American women
_zNew York (State)
_zNew York
_xBiography.
650 0 _aBiography
_9237
650 0 _aAfrican Americans
_zNew York (State)
_zNew York
_xBiography.
650 0 _aAfrican American women
_zSouth Carolina
_zDenmark
_xBiography.
651 0 _aHarlem (New York, N.Y.)
_xBiography.
651 0 _aDenmark (S.C.)
_xBiography.
653 _aბიოგრაფია
700 1 _aMiller, Gloria Bley.
_eEditor
856 4 2 _3Contributor biographical information
_uhttp://www.loc.gov/catdir/bios/random059/98054109.html
856 4 1 _3Sample text
_uhttp://www.loc.gov/catdir/samples/random042/98054109.html
856 4 2 _3Publisher description
_uhttp://www.loc.gov/catdir/description/random046/98054109.html
906 _a7
_bcbc
_corignew
_d1
_eocip
_f19
_gy-gencatlg
942 _2udc
_cBK
_e1
999 _c1307
_d1307